[Event "9th Vellmar Chess Days"]
[Site "chess24.com"]
[Date "2017.07.13"]
[Round "1"]
[White "Nilsson, Anders 1976"]
[Black "Schubert, Matthias"]
[Result "1/2-1/2"]
[Board "9"]
[WhiteElo "2192"]
[WhiteTitle "CM"]
[WhiteCountry "SWE"]
[WhiteFideId "1705423"]
[WhiteEloChange "-7"]
[BlackElo "1916"]
[BlackCountry "GER"]
[BlackFideId "24661139"]
[BlackEloChange "7"]

1. d4 {[%clk 1:30:56]} Nf6 {[%clk 1:30:52]} 2. Nf3 {[%clk 1:29:50]} g6 {[%clk
1:29:55]} 3. Bg5 {[%clk 1:30:13]} Ne4 {[%clk 1:29:05]} 4. Bh4 {[%clk 1:29:43]}
Bg7 {[%clk 1:28:46]} 5. Nbd2 {[%clk 1:30:02]} d5 {[%clk 1:25:11]} 6. e3 {[%clk
1:29:36]} c5 {[%clk 1:19:56]} 7. c3 {[%clk 1:26:15]} Qb6 {[%clk 1:14:40]} 8. Qb3
{[%clk 1:21:38]} Nxd2 {[%clk 1:11:58]} 9. Nxd2 {[%clk 1:18:40]} Qxb3 {[%clk
1:08:26]} 10. axb3 {[%clk 1:18:53]} cxd4 {[%clk 1:06:06]} 11. exd4 {[%clk
1:18:56]} O-O {[%clk 1:03:27]} 12. Bb5 {[%clk 1:08:44]} Bd7 {[%clk 1:00:23]} 13.
Be2 {[%clk 1:06:33]} Nc6 {[%clk 0:57:58]} 14. b4 {[%clk 1:06:39]} a6 {[%clk
0:55:14]} 15. f4 {[%clk 1:03:42]} Rfe8 {[%clk 0:47:17]} 16. Bf3 {[%clk 1:03:06]}
e6 {[%clk 0:43:06]} 17. Nb3 {[%clk 1:02:37]} Ne7 {[%clk 0:38:33]} 18. g4 {[%clk
0:48:09]} Nc8 {[%clk 0:35:26]} 19. Nc5 {[%clk 0:46:32]} Bc6 {[%clk 0:34:07]} 20.
b5 {[%clk 0:22:27]} Bxb5 {[%clk 0:33:21]} 21. Nxb7 {[%clk 0:20:50]} Ra7 {[%clk
0:29:28]} 22. Nc5 {[%clk 0:19:55]} Nd6 {[%clk 0:25:10]} 23. Kf2 {[%clk 0:16:31]}
Rb8 {[%clk 0:19:46]} 24. b4 {[%clk 0:15:18]} Re8 {[%clk 0:16:16]} 25. Rhe1 {[%clk
0:12:09]} Kf8 {[%clk 0:13:28]} 26. Bg3 {[%clk 0:12:00]} Nc4 {[%clk 0:10:04]} 27.
Ra2 {[%clk 0:11:59]} Rea8 {[%clk 0:08:09]} 28. Nb3 {[%clk 0:11:32]} Rc8 {[%clk
0:08:12]} 29. Rea1 {[%clk 0:11:35]} Rca8 {[%clk 0:08:28]} 30. Na5 {[%clk
0:09:16]} Bf6 {[%clk 0:06:22]} 31. f5 {[%clk 0:08:18]} Kg7 {[%clk 0:05:36]} 32.
h4 {[%clk 0:08:13]} g5 {[%clk 0:05:33]} 33. h5 {[%clk 0:06:12]} h6 {[%clk
0:05:43]} 34. Nxc4 {[%clk 0:05:03]} Bxc4 {[%clk 0:06:07]} 35. Ra4 {[%clk
0:04:50]} exf5 {[%clk 0:06:07]} 36. gxf5 {[%clk 0:05:11]} Re8 {[%clk 0:05:27]}
37. Ra5 {[%clk 0:05:29]} Rd7 {[%clk 0:02:47]} 38. Rc5 {[%clk 0:05:24]} Bd8 {[%clk
0:02:18]} 39. Rc6 {[%clk 0:05:40]} f6 {[%clk 0:01:57]} 40. Re6 {[%clk 0:04:53]}
Rxe6 {[%clk 0:00:46]} 41. fxe6 {[%clk 0:05:21]} Re7 {[%clk 0:00:43]} 42. Bg4
{[%clk 0:05:15]} Bc7 {[%clk 0:27:43]} 43. Bf5 {[%clk 0:35:48]} Kf8 {[%clk
0:27:32]} 44. Kf3 {[%clk 0:29:03]} Bxg3 {[%clk 0:27:16]} 45. Kxg3 {[%clk
0:27:55]} Rc7 {[%clk 0:26:45]} 46. Re1 {[%clk 0:27:27]} Ke7 {[%clk 0:26:23]} 47.
Kg4 {[%clk 0:27:28]} Rc6 {[%clk 0:26:14]} 48. Re3 {[%clk 0:27:29]} Bb5 {[%clk
0:25:16]} 49. Kf3 {[%clk 0:27:40]} Bc4 {[%clk 0:24:21]} 50. Kf2 {[%clk 0:27:55]}
Bb5 {[%clk 0:24:41]} 51. Ke1 {[%clk 0:28:20]} Bc4 {[%clk 0:23:53]} 52. Kd2 {[%clk
0:28:26]} Bb5 {[%clk 0:23:40]} 53. Bg4 {[%clk 0:28:00]} Bc4 {[%clk 0:23:36]} 54.
Bh3 {[%clk 0:28:28]} Bb5 {[%clk 0:23:55]} 55. Re1 {[%clk 0:22:11]} Bc4 {[%clk
0:24:18]} 56. Kc2 {[%clk 0:08:42]} Rb6 {[%clk 0:24:24]} 57. Bf5 {[%clk 0:08:52]}
Rd6 {[%clk 0:24:24]} 58. Re3 {[%clk 0:08:45]} Rb6 {[%clk 0:24:33]} 59. Re1 {[%clk
0:08:34]} Rd6 {[%clk 0:24:50]} 60. Kb2 {[%clk 0:08:42]} Rb6 {[%clk 0:24:33]} 61.
Ka3 {[%clk 0:07:38]} Bb5 {[%clk 0:24:30]} 62. Re3 {[%clk 0:07:35]} Rc6 {[%clk
0:24:39]} 63. Bg4 {[%clk 0:07:49]} Rd6 {[%clk 0:24:07]} 1/2-1/2

[Event "9th Vellmar Chess Days"]
[Site "chess24.com"]
[Date "2017.07.13"]
[Round "1"]
[White "Modric, Vladimir"]
[Black "Dorst, Johannes"]
[Result "0-1"]
[Board "10"]
[WhiteElo "1903"]
[WhiteCountry "GER"]
[WhiteFideId "24628654"]
[WhiteEloChange "-3"]
[BlackElo "2180"]
[BlackTitle "FM"]
[BlackCountry "GER"]
[BlackFideId "4650433"]
[BlackEloChange "3"]

1. d3 {[%clk 1:30:56]} c5 {[%clk 1:30:46]} 2. Nf3 {[%clk 1:30:53]} Nc6 {[%clk
1:30:50]} 3. e4 {[%clk 1:31:07]} d6 {[%clk 1:29:21]} 4. Be2 {[%clk 1:31:10]} Nf6
{[%clk 1:29:36]} 5. O-O {[%clk 1:29:53]} g6 {[%clk 1:29:33]} 6. c3 {[%clk
1:28:58]} Bg7 {[%clk 1:29:45]} 7. Nbd2 {[%clk 1:24:22]} O-O {[%clk 1:28:16]} 8.
a4 {[%clk 1:22:50]} d5 {[%clk 1:25:53]} 9. Qc2 {[%clk 1:19:09]} e5 {[%clk
1:22:34]} 10. Re1 {[%clk 1:13:18]} Re8 {[%clk 1:19:42]} 11. Bf1 {[%clk 1:08:47]}
h6 {[%clk 1:18:37]} 12. exd5 {[%clk 1:01:10]} Nxd5 {[%clk 1:15:50]} 13. Nc4
{[%clk 0:56:21]} Kh7 {[%clk 1:09:25]} 14. a5 {[%clk 0:49:31]} Qc7 {[%clk
1:06:40]} 15. Be3 {[%clk 0:38:15]} Nxe3 {[%clk 1:05:37]} 16. Rxe3 {[%clk
0:34:00]} Be6 {[%clk 1:04:25]} 17. Nfd2 {[%clk 0:31:33]} f5 {[%clk 1:04:20]} 18.
Rae1 {[%clk 0:28:34]} Bf7 {[%clk 0:58:30]} 19. Qa4 {[%clk 0:21:28]} Rad8 {[%clk
0:55:59]} 20. Qb5 {[%clk 0:20:07]} h5 {[%clk 0:47:44]} 21. Qxc5 {[%clk 0:17:15]}
Rd5 {[%clk 0:48:00]} 22. Qa3 {[%clk 0:16:37]} Bh6 {[%clk 0:48:08]} 23. R3e2
{[%clk 0:14:06]} Rxd3 {[%clk 0:47:01]} 24. Re3 {[%clk 0:10:51]} Rd5 {[%clk
0:41:40]} 25. R3e2 {[%clk 0:07:52]} Nxa5 {[%clk 0:41:34]} 26. Nxa5 {[%clk
0:05:33]} Qxa5 {[%clk 0:39:58]} 27. Qxa5 {[%clk 0:05:06]} Rxa5 {[%clk 0:40:21]}
28. Nf3 {[%clk 0:04:19]} e4 {[%clk 0:40:27]} 29. b4 {[%clk 0:03:47]} Ra3 {[%clk
0:40:21]} 30. Nd4 {[%clk 0:02:50]} Rxc3 {[%clk 0:39:44]} 31. Nb5 {[%clk 0:02:40]}
Rb3 {[%clk 0:39:49]} 32. Nd6 {[%clk 0:02:31]} Re7 {[%clk 0:40:10]} 33. Ra2 {[%clk
0:02:24]} Be6 {[%clk 0:35:37]} 34. Rxa7 {[%clk 0:02:09]} Rxb4 {[%clk 0:35:49]}
35. Ra8 {[%clk 0:01:55]} Bf4 {[%clk 0:34:10]} 36. Nb5 {[%clk 0:01:17]} Bd7 {[%clk
0:33:51]} 37. Nc3 {[%clk 0:01:20]} Bc6 {[%clk 0:31:51]} 38. Rd1 {[%clk 0:00:58]}
e3 {[%clk 0:31:34]} 39. fxe3 {[%clk 0:01:19]} Bxe3+ {[%clk 0:31:52]} 40. Kh1
{[%clk 0:01:42]} Rd4 {[%clk 0:30:29]} 0-1

[Event "9th Vellmar Chess Days"]
[Site "chess24.com"]
[Date "2017.07.13"]
[Round "1"]
[White "Lopez-Rojas, Jeffrey"]
[Black "Buese, Ralf"]
[Result "1-0"]
[Board "11"]
[WhiteElo "2173"]
[WhiteCountry "GER"]
[WhiteFideId "12997277"]
[WhiteEloChange "3"]
[BlackElo "1900"]
[BlackCountry "GER"]
[BlackFideId "16208358"]
[BlackEloChange "-3"]

1. d4 {[%clk 1:30:37]} e6 {[%clk 1:30:52]} 2. g3 {[%clk 1:30:52]} f5 {[%clk
1:30:47]} 3. Bg2 {[%clk 1:31:01]} Nf6 {[%clk 1:30:32]} 4. Nf3 {[%clk 1:31:10]} d5
{[%clk 1:30:10]} 5. O-O {[%clk 1:31:21]} Bd6 {[%clk 1:28:46]} 6. c4 {[%clk
1:31:42]} c6 {[%clk 1:29:10]} 7. Nc3 {[%clk 1:32:07]} O-O {[%clk 1:28:53]} 8. Qc2
{[%clk 1:32:14]} Nbd7 {[%clk 1:26:41]} 9. cxd5 {[%clk 1:18:06]} cxd5 {[%clk
1:13:01]} 10. Nb5 {[%clk 1:12:31]} Bb8 {[%clk 1:12:02]} 11. Bf4 {[%clk 1:11:50]}
Bxf4 {[%clk 1:06:59]} 12. gxf4 {[%clk 1:11:59]} Qe7 {[%clk 1:05:13]} 13. Nc7
{[%clk 1:08:42]} Rb8 {[%clk 1:04:37]} 14. Ng5 {[%clk 1:08:09]} Nb6 {[%clk
1:00:31]} 15. Qc5 {[%clk 1:06:08]} Qxc5 {[%clk 0:55:04]} 16. dxc5 {[%clk
1:06:26]} Na4 {[%clk 0:55:17]} 17. Rfc1 {[%clk 0:41:37]} Nxb2 {[%clk 0:50:54]}
18. Ngxe6 {[%clk 0:36:36]} Rf7 {[%clk 0:37:10]} 19. Rab1 {[%clk 0:32:55]} Re7
{[%clk 0:29:15]} 20. Nxd5 {[%clk 0:25:19]} Nxd5 {[%clk 0:28:25]} 21. Bxd5 {[%clk
0:25:12]} Bxe6 {[%clk 0:28:44]} 22. Bxe6+ {[%clk 0:25:17]} Rxe6 {[%clk 0:29:12]}
23. Rxb2 {[%clk 0:25:37]} Rc6 {[%clk 0:28:59]} 24. Rb5 {[%clk 0:22:51]} b6 {[%clk
0:23:59]} 25. Rcb1 {[%clk 0:22:14]} Kf7 {[%clk 0:24:18]} 26. cxb6 {[%clk
0:22:34]} Rcxb6 {[%clk 0:24:39]} 27. Rxf5+ {[%clk 0:22:41]} Ke6 {[%clk 0:24:38]}
28. Rxb6+ {[%clk 0:21:56]} Rxb6 {[%clk 0:24:47]} 29. Ra5 {[%clk 0:22:04]} a6
{[%clk 0:20:22]} 30. Kg2 {[%clk 0:21:44]} Kd6 {[%clk 0:19:12]} 31. h4 {[%clk
0:21:16]} Kc7 {[%clk 0:19:13]} 32. h5 {[%clk 0:20:03]} Rf6 {[%clk 0:18:40]} 33.
Kg3 {[%clk 0:18:16]} Kb6 {[%clk 0:19:01]} 34. Re5 {[%clk 0:18:02]} Rf7 {[%clk
0:19:09]} 35. a4 {[%clk 0:17:29]} 1-0

[Event "9th Vellmar Chess Days"]
[Site "chess24.com"]
[Date "2017.07.13"]
[Round "1"]
[White "Lehnert, Michael"]
[Black "Everett, Elijah"]
[Result "0-1"]
[Board "12"]
[WhiteElo "1899"]
[WhiteCountry "GER"]
[WhiteFideId "4610210"]
[WhiteEloChange "-4"]
[BlackElo "2167"]
[BlackCountry "GER"]
[BlackFideId "12973696"]
[BlackEloChange "4"]

1. g3 {[%clk 1:30:55]} Nf6 {[%clk 1:30:51]} 2. Bg2 {[%clk 1:31:04]} g6 {[%clk
1:31:14]} 3. c4 {[%clk 1:31:05]} Bg7 {[%clk 1:31:35]} 4. Nc3 {[%clk 1:31:24]} O-O
{[%clk 1:31:58]} 5. e4 {[%clk 1:31:02]} d6 {[%clk 1:32:18]} 6. d3 {[%clk
1:31:02]} c5 {[%clk 1:32:18]} 7. Nge2 {[%clk 1:31:02]} Nc6 {[%clk 1:32:18]} 8.
O-O {[%clk 1:31:02]} Rb8 {[%clk 1:32:18]} 9. h3 {[%clk 1:26:42]} a6 {[%clk
1:29:09]} 10. a4 {[%clk 1:25:50]} Ne8 {[%clk 1:27:30]} 11. Rb1 {[%clk 1:23:59]}
Nc7 {[%clk 1:25:21]} 12. Be3 {[%clk 1:21:59]} Ne6 {[%clk 1:25:05]} 13. Qd2 {[%clk
1:05:53]} Ned4 {[%clk 1:22:30]} 14. b3 {[%clk 1:02:35]} Bxh3 {[%clk 1:14:36]} 15.
Bh6 {[%clk 0:47:23]} Bg4 {[%clk 1:11:10]} 16. Bxg7 {[%clk 0:44:17]} Kxg7 {[%clk
1:11:10]} 17. f3 {[%clk 0:41:52]} Bd7 {[%clk 1:09:53]} 18. Kf2 {[%clk 0:34:59]}
Qa5 {[%clk 1:03:06]} 19. Rh1 {[%clk 0:34:59]} Rh8 {[%clk 0:59:36]} 20. Qh6+
{[%clk 0:32:25]} Kg8 {[%clk 0:58:04]} 21. Nd5 {[%clk 0:22:11]} Qd8 {[%clk
0:54:39]} 22. Nxd4 {[%clk 0:19:39]} Nxd4 {[%clk 0:53:55]} 23. Qh4 {[%clk
0:17:59]} Nc6 {[%clk 0:47:50]} 24. g4 {[%clk 0:15:03]} Be6 {[%clk 0:42:48]} 25.
f4 {[%clk 0:14:29]} Bxd5 {[%clk 0:41:35]} 26. cxd5 {[%clk 0:14:09]} Nd4 {[%clk
0:40:46]} 27. e5 {[%clk 0:12:48]} Qa5 {[%clk 0:33:12]} 28. Rbd1 {[%clk 0:05:34]}
Re8 {[%clk 0:30:32]} 29. Rhe1 {[%clk 0:05:39]} Kg7 {[%clk 0:30:32]} 30. f5 {[%clk
0:05:39]} f6 {[%clk 0:25:56]} 31. exd6 {[%clk 0:02:05]} exd6 {[%clk 0:26:06]} 32.
Rh1 {[%clk 0:01:22]} h5 {[%clk 0:24:49]} 33. g5 {[%clk 0:01:31]} Rhf8 {[%clk
0:24:39]} 34. Be4 {[%clk 0:01:39]} Nxf5 {[%clk 0:23:50]} 35. Qh2 {[%clk 0:00:38]}
fxg5 {[%clk 0:24:06]} 0-1

[Event "9th Vellmar Chess Days"]
[Site "chess24.com"]
[Date "2017.07.13"]
[Round "1"]
[White "Viebahn, Dirk"]
[Black "Mann, Jonas"]
[Result "1-0"]
[Board "13"]
[WhiteElo "2164"]
[WhiteCountry "GER"]
[WhiteFideId "4660790"]
[WhiteEloChange "4"]
[BlackElo "1899"]
[BlackCountry "GER"]
[BlackFideId "12900214"]
[BlackEloChange "-4"]

1. Nf3 {[%clk 1:30:54]} Nf6 {[%clk 1:30:24]} 2. d4 {[%clk 1:31:09]} g6 {[%clk
1:30:47]} 3. Bg5 {[%clk 1:30:27]} Bg7 {[%clk 1:31:03]} 4. Nbd2 {[%clk 1:30:08]}
O-O {[%clk 1:30:17]} 5. e4 {[%clk 1:29:10]} d6 {[%clk 1:30:21]} 6. Bd3 {[%clk
1:26:38]} Nbd7 {[%clk 1:29:01]} 7. c3 {[%clk 1:20:45]} c5 {[%clk 1:23:30]} 8. h3
{[%clk 1:16:06]} Qc7 {[%clk 1:19:37]} 9. O-O {[%clk 1:15:37]} b6 {[%clk 1:17:49]}
10. Re1 {[%clk 1:11:57]} Bb7 {[%clk 1:15:37]} 11. a4 {[%clk 0:59:07]} Rfe8 {[%clk
1:13:36]} 12. a5 {[%clk 0:57:40]} bxa5 {[%clk 1:10:58]} 13. Qa4 {[%clk 0:54:53]}
Nf8 {[%clk 0:57:03]} 14. Qxa5 {[%clk 0:52:11]} Rec8 {[%clk 0:48:55]} 15. Qa2
{[%clk 0:44:25]} a5 {[%clk 0:35:38]} 16. Bc4 {[%clk 0:36:20]} e6 {[%clk 0:35:31]}
17. Bf4 {[%clk 0:35:28]} cxd4 {[%clk 0:33:12]} 18. Nxd4 {[%clk 0:30:26]} Ba6
{[%clk 0:22:36]} 19. Bxa6 {[%clk 0:27:17]} Rxa6 {[%clk 0:21:57]} 20. e5 {[%clk
0:23:45]} dxe5 {[%clk 0:17:20]} 21. Bxe5 {[%clk 0:22:47]} Qc5 {[%clk 0:15:34]}
22. b4 {[%clk 0:21:46]} Qxc3 {[%clk 0:14:24]} 23. b5 {[%clk 0:21:18]} Rb6 {[%clk
0:11:20]} 24. Nc6 {[%clk 0:21:18]} 1-0

[Event "9th Vellmar Chess Days"]
[Site "chess24.com"]
[Date "2017.07.13"]
[Round "1"]
[White "Bajorski, Marius"]
[Black "Schulze, Lara"]
[Result "0-1"]
[Board "14"]
[WhiteElo "1896"]
[WhiteCountry "GER"]
[WhiteFideId "12938831"]
[WhiteEloChange "-4"]
[BlackElo "2141"]
[BlackTitle "WFM"]
[BlackCountry "GER"]
[BlackFideId "12956830"]
[BlackEloChange "4"]

1. e4 {[%clk 1:30:58]} e6 {[%clk 1:30:58]} 2. d4 {[%clk 1:31:22]} d5 {[%clk
1:31:23]} 3. Nd2 {[%clk 1:31:47]} c5 {[%clk 1:31:48]} 4. exd5 {[%clk 1:32:04]}
Qxd5 {[%clk 1:32:09]} 5. dxc5 {[%clk 1:32:28]} Nf6 {[%clk 1:29:47]} 6. Ngf3
{[%clk 1:32:06]} Qxc5 {[%clk 1:29:55]} 7. Bd3 {[%clk 1:31:55]} Be7 {[%clk
1:29:24]} 8. Qe2 {[%clk 1:31:13]} Nbd7 {[%clk 1:09:07]} 9. c4 {[%clk 1:30:40]}
O-O {[%clk 1:07:00]} 10. O-O {[%clk 1:30:55]} Re8 {[%clk 0:59:50]} 11. b3 {[%clk
1:25:48]} Qc7 {[%clk 0:46:20]} 12. Bb2 {[%clk 1:14:16]} b6 {[%clk 0:44:38]} 13.
Ne4 {[%clk 1:12:02]} Bb7 {[%clk 0:43:16]} 14. Nxf6+ {[%clk 1:09:27]} Bxf6 {[%clk
0:42:35]} 15. Bxf6 {[%clk 1:07:38]} Nxf6 {[%clk 0:42:57]} 16. Ne5 {[%clk
1:02:56]} Rad8 {[%clk 0:39:46]} 17. Rfd1 {[%clk 1:00:15]} g6 {[%clk 0:36:58]} 18.
Rac1 {[%clk 0:50:22]} Rd4 {[%clk 0:31:07]} 19. Bc2 {[%clk 0:31:18]} Red8 {[%clk
0:24:23]} 20. Nf3 {[%clk 0:25:16]} Ng4 {[%clk 0:13:08]} 21. h3 {[%clk 0:16:24]}
Bxf3 {[%clk 0:11:28]} 22. Qxf3 {[%clk 0:15:51]} Qh2+ {[%clk 0:11:30]} 23. Kf1
{[%clk 0:16:16]} Rd2 {[%clk 0:08:11]} 24. Rxd2 {[%clk 0:12:15]} Rxd2 {[%clk
0:08:18]} 25. Ke1 {[%clk 0:10:48]} Rxf2 {[%clk 0:08:00]} 0-1

[Event "9th Vellmar Chess Days"]
[Site "chess24.com"]
[Date "2017.07.13"]
[Round "1"]
[White "Nickel, Ruediger"]
[Black "Verhoef, Ruud"]
[Result "1-0"]
[Board "15"]
[WhiteElo "2157"]
[WhiteCountry "GER"]
[WhiteFideId "4618971"]
[WhiteEloChange "4"]
[BlackElo "1890"]
[BlackCountry "NED"]
[BlackFideId "1040774"]
[BlackEloChange "-4"]

1. e4 {[%clk 1:30:56]} e5 {[%clk 1:30:53]} 2. Nf3 {[%clk 1:31:12]} Nf6 {[%clk
1:31:14]} 3. Nxe5 {[%clk 1:31:30]} d6 {[%clk 1:31:36]} 4. Nf3 {[%clk 1:30:17]}
Nxe4 {[%clk 1:31:57]} 5. Nc3 {[%clk 1:30:39]} Nxc3 {[%clk 1:32:18]} 6. dxc3
{[%clk 1:31:05]} Be7 {[%clk 1:32:35]} 7. Be3 {[%clk 1:22:05]} Nc6 {[%clk
1:31:24]} 8. Qd2 {[%clk 1:21:34]} O-O {[%clk 1:31:46]} 9. O-O-O {[%clk 1:20:00]}
Ne5 {[%clk 1:32:04]} 10. Be2 {[%clk 0:58:55]} Ng4 {[%clk 1:31:53]} 11. Bd4 {[%clk
0:58:55]} c5 {[%clk 1:31:47]} 12. h3 {[%clk 0:59:17]} Nf6 {[%clk 1:25:26]} 13.
Bxf6 {[%clk 0:55:34]} Bxf6 {[%clk 1:25:49]} 14. Qxd6 {[%clk 0:50:55]} Qa5 {[%clk
1:25:46]} 15. Bc4 {[%clk 0:48:26]} Rd8 {[%clk 1:14:53]} 16. Qf4 {[%clk 0:40:23]}
Rxd1+ {[%clk 1:15:13]} 17. Rxd1 {[%clk 0:40:37]} h6 {[%clk 1:03:44]} 18. Kb1
{[%clk 0:32:24]} Be6 {[%clk 0:49:23]} 19. Bxe6 {[%clk 0:32:45]} fxe6 {[%clk
0:49:46]} 20. Qe4 {[%clk 0:24:23]} Qb6 {[%clk 0:48:09]} 21. Rd7 {[%clk 0:16:56]}
Qa6 {[%clk 0:43:10]} 22. Nd2 {[%clk 0:15:03]} Rb8 {[%clk 0:41:53]} 23. Nc4 {[%clk
0:09:10]} Rd8 {[%clk 0:25:56]} 24. Rxd8+ {[%clk 0:09:23]} Bxd8 {[%clk 0:25:12]}
25. a4 {[%clk 0:09:06]} Bf6 {[%clk 0:17:49]} 26. f4 {[%clk 0:08:31]} Kh8 {[%clk
0:08:42]} 27. g4 {[%clk 0:08:11]} b5 {[%clk 0:08:20]} 28. Qa8+ {[%clk 0:07:24]}
Kh7 {[%clk 0:08:36]} 29. Qe4+ {[%clk 0:07:53]} Kh8 {[%clk 0:08:58]} 30. axb5
{[%clk 0:07:35]} Qxb5 {[%clk 0:08:41]} 31. Qa8+ {[%clk 0:08:00]} Kh7 {[%clk
0:09:06]} 32. Qe4+ {[%clk 0:08:29]} Kh8 {[%clk 0:09:35]} 33. Qxe6 {[%clk
0:08:21]} Bxc3 {[%clk 0:09:33]} 34. g5 {[%clk 0:08:28]} hxg5 {[%clk 0:07:35]} 35.
fxg5 {[%clk 0:08:57]} Qb8 {[%clk 0:04:51]} 36. Ka2 {[%clk 0:07:43]} Bd4 {[%clk
0:04:51]} 37. c3 {[%clk 0:08:12]} Bf2 {[%clk 0:04:24]} 38. Nd6 {[%clk 0:00:41]}
Qf8 {[%clk 0:01:39]} 39. g6 {[%clk 0:00:42]} 1-0

[Event "9th Vellmar Chess Days"]
[Site "chess24.com"]
[Date "2017.07.13"]
[Round "1"]
[White "Zaerban, Jan Christopher"]
[Black "Boehm, Thomas"]
[Result "0-1"]
[Board "16"]
[WhiteElo "1890"]
[WhiteCountry "GER"]
[WhiteFideId "4660277"]
[WhiteEloChange "-4"]
[BlackElo "2154"]
[BlackCountry "GER"]
[BlackFideId "4682807"]
[BlackEloChange "4"]

1. Nf3 {[%clk 1:30:53]} d5 {[%clk 1:30:23]} 2. c4 {[%clk 1:31:08]} d4 {[%clk
1:29:24]} 3. b4 {[%clk 1:27:07]} f6 {[%clk 1:28:16]} 4. Bb2 {[%clk 1:25:58]} e5
{[%clk 1:28:16]} 5. a3 {[%clk 1:22:31]} a5 {[%clk 1:25:54]} 6. Qb3 {[%clk
1:18:53]} axb4 {[%clk 1:20:28]} 7. axb4 {[%clk 1:19:00]} Rxa1 {[%clk 1:20:48]} 8.
Bxa1 {[%clk 1:19:15]} Qe7 {[%clk 1:20:48]} 9. b5 {[%clk 1:13:06]} Nd7 {[%clk
1:20:09]} 10. e3 {[%clk 1:10:44]} Nc5 {[%clk 1:10:48]} 11. Qc2 {[%clk 1:05:24]}
Nh6 {[%clk 1:08:56]} 12. d3 {[%clk 0:58:50]} dxe3 {[%clk 0:54:23]} 13. fxe3
{[%clk 0:58:06]} Nf5 {[%clk 0:52:00]} 14. Kf2 {[%clk 0:55:03]} e4 {[%clk
0:50:19]} 15. dxe4 {[%clk 0:47:00]} Nxe4+ {[%clk 0:49:48]} 16. Ke2 {[%clk
0:45:54]} Nf2 {[%clk 0:42:09]} 0-1

[Event "9th Vellmar Chess Days"]
[Site "chess24.com"]
[Date "2017.07.13"]
[Round "1"]
[White "Heinelt, Manfred"]
[Black "Helmer, Jan"]
[Result "1-0"]
[Board "17"]
[WhiteElo "2153"]
[WhiteCountry "GER"]
[WhiteFideId "4656695"]
[WhiteEloChange "4"]
[BlackElo "1889"]
[BlackCountry "GER"]
[BlackFideId "12956686"]
[BlackEloChange "-4"]

1. d4 {[%clk 1:30:53]} e6 {[%clk 1:30:43]} 2. c4 {[%clk 1:31:12]} f5 {[%clk
1:30:44]} 3. g3 {[%clk 1:31:17]} Nf6 {[%clk 1:30:33]} 4. Bg2 {[%clk 1:31:33]} Be7
{[%clk 1:30:31]} 5. Nf3 {[%clk 1:31:40]} O-O {[%clk 1:30:50]} 6. O-O {[%clk
1:32:01]} Qe8 {[%clk 1:23:55]} 7. d5 {[%clk 1:22:37]} Bc5 {[%clk 1:20:14]} 8. Nc3
{[%clk 1:20:51]} a5 {[%clk 1:15:33]} 9. Na4 {[%clk 1:09:08]} Ba7 {[%clk 1:07:45]}
10. Bf4 {[%clk 0:42:50]} b5 {[%clk 0:55:00]} 11. Nc3 {[%clk 0:40:12]} b4 {[%clk
0:55:11]} 12. Nb5 {[%clk 0:40:04]} Na6 {[%clk 0:52:02]} 13. Bxc7 {[%clk 0:23:13]}
exd5 {[%clk 0:47:48]} 14. Bd6 {[%clk 0:22:44]} Bb7 {[%clk 0:41:53]} 15. Bxf8
{[%clk 0:20:18]} Qxf8 {[%clk 0:40:07]} 16. Nxa7 {[%clk 0:20:35]} Rxa7 {[%clk
0:40:07]} 17. Qd4 {[%clk 0:20:39]} Nc5 {[%clk 0:39:18]} 18. Nd2 {[%clk 0:15:52]}
Ra8 {[%clk 0:36:51]} 19. cxd5 {[%clk 0:16:04]} d6 {[%clk 0:36:56]} 20. Nc4 {[%clk
0:14:34]} Nfd7 {[%clk 0:36:45]} 21. Qf4 {[%clk 0:14:17]} Ra6 {[%clk 0:36:54]} 22.
Rac1 {[%clk 0:14:02]} Qf6 {[%clk 0:36:27]} 23. Qe3 {[%clk 0:09:12]} Kf8 {[%clk
0:32:30]} 24. Rfd1 {[%clk 0:09:33]} Ra8 {[%clk 0:31:48]} 25. Qd4 {[%clk 0:09:51]}
Qg6 {[%clk 0:31:02]} 26. b3 {[%clk 0:05:48]} Kg8 {[%clk 0:25:28]} 27. Nb2 {[%clk
0:03:19]} Rc8 {[%clk 0:22:27]} 28. Nd3 {[%clk 0:03:36]} Qe8 {[%clk 0:22:04]} 29.
Nxc5 {[%clk 0:02:58]} Nxc5 {[%clk 0:22:23]} 30. e3 {[%clk 0:03:15]} Qe7 {[%clk
0:22:27]} 31. Qf4 {[%clk 0:02:44]} g6 {[%clk 0:21:38]} 32. Bf1 {[%clk 0:03:03]}
Rc7 {[%clk 0:21:09]} 33. Qd4 {[%clk 0:03:07]} Rc8 {[%clk 0:19:37]} 34. Bc4 {[%clk
0:03:35]} Rc7 {[%clk 0:19:36]} 35. Qf4 {[%clk 0:03:49]} Rc8 {[%clk 0:18:40]} 36.
h4 {[%clk 0:04:14]} h5 {[%clk 0:16:02]} 37. Qg5 {[%clk 0:03:07]} Qf7 {[%clk
0:13:35]} 38. Be2 {[%clk 0:03:17]} Kh7 {[%clk 0:13:12]} 39. Bf3 {[%clk 0:03:39]}
Ba6 {[%clk 0:11:54]} 40. Kg2 {[%clk 0:03:26]} Bb5 {[%clk 0:07:55]} 41. Rc2 {[%clk
0:03:25]} Ba6 {[%clk 0:30:50]} 42. Rcd2 {[%clk 0:33:12]} Rf8 {[%clk 0:25:17]} 43.
Rd4 {[%clk 0:31:53]} Bb5 {[%clk 0:23:05]} 44. R1d2 {[%clk 0:32:00]} Ba6 {[%clk
0:22:34]} 45. Kh2 {[%clk 0:29:23]} Bb5 {[%clk 0:19:50]} 46. e4 {[%clk 0:28:33]}
fxe4 {[%clk 0:19:06]} 47. Bxe4 {[%clk 0:28:54]} Kg7 {[%clk 0:17:32]} 48. Bc2
{[%clk 0:28:30]} Qe8 {[%clk 0:14:19]} 49. Rf4 {[%clk 0:21:53]} Rxf4 {[%clk
0:14:13]} 50. Qxf4 {[%clk 0:22:16]} Qe7 {[%clk 0:12:45]} 51. Rd4 {[%clk 0:20:51]}
Bd7 {[%clk 0:08:11]} 52. Qg5 {[%clk 0:20:27]} Qxg5 {[%clk 0:06:05]} 53. hxg5
{[%clk 0:20:50]} Bf5 {[%clk 0:04:44]} 54. Bxf5 {[%clk 0:21:11]} gxf5 {[%clk
0:05:12]} 55. Kg2 {[%clk 0:20:44]} Kg6 {[%clk 0:05:34]} 56. f4 {[%clk 0:20:47]}
Kf7 {[%clk 0:04:46]} 57. Rc4 {[%clk 0:20:45]} Nd3 {[%clk 0:03:18]} 58. Rc7+
{[%clk 0:21:04]} 1-0